A Portrait of the Visual Arts (Record no. 351656)
[ view plain ]
| 000 -LEADER | |
|---|---|
| fixed length control field | 00635nam a2200133Ia 4500 |
| 008 - FIXED-LENGTH DATA ELEMENTS--GENERAL INFORMATION | |
| fixed length control field | 171212s9999 xx 000 0 und d |
| 020 ## - INTERNATIONAL STANDARD BOOK NUMBER | |
| International Standard Book Number | 9780833037930 |
| 100 ## - MAIN ENTRY--PERSONAL NAME | |
| Personal name | McCarthy, Kevin F.;Ondaatje, Elizabeth Heneghan;Brooks, Arthur;Szanto, Andras |
| 245 ## - TITLE STATEMENT | |
| Statement of responsibility, etc | McCarthy, Kevin F.;Ondaatje, Elizabeth Heneghan;Brooks, Arthur;Szanto, Andras |
| Title | A Portrait of the Visual Arts |
| Remainder of title | Meeting the Challenges of a New Era |
| 260 ## - PUBLICATION, DISTRIBUTION, ETC. (IMPRINT) | |
| Name of publisher, distributor, etc | RAND Corporation |
| Date of publication, distribution, etc | 2005 |
| 650 ## - SUBJECT ADDED ENTRY--TOPICAL TERM | |
| Topical term or geographic name as entry element | Art -- United States -- Marketing; Art -- Economic aspects -- United States; Art -- Forecasting |
| 650 ## - SUBJECT ADDED ENTRY--TOPICAL TERM | |
| Topical term or geographic name as entry element | Political Science |
| 856 ## - ELECTRONIC LOCATION AND ACCESS | |
| Uniform Resource Identifier | <a href="www.jstor.org/stable/10.7249/mg290pct">www.jstor.org/stable/10.7249/mg290pct</a> |
| Withdrawn status | Lost status | Damaged status | Home library | Current library | Date acquired | Total Checkouts | Full call number | Date last seen | Price effective from | Koha item type |
|---|---|---|---|---|---|---|---|---|---|---|
| College Library | College Library | 12/12/2017 | N8600.P67 2005 | 12/12/2017 | 12/12/2017 | Curriculum - Based eBooks |